000 00524nam a2200217Ia 4500
008 210210b1952 xxu||||| |||| 00| 0 eng d
041 _aeng
082 _a320/279
100 _aJENNINGS (Ivor)
245 _aConstitutional laws of the commonwealth
260 _aOxford
_bAt the Clarendon Press
_c1952
300 _axxiv,520
650 _athe
650 _aof
650 _alaws
650 _aConstitutional
650 _acommonwealth
690 _aPolitical Science
700 _aYOUNG (C M)
906 _a002027
999 _c118084
_d118084